| 000 | nam a22 7a 4500 | ||
|---|---|---|---|
| 999 |
_c4937 _d235441 |
||
| 020 | _a978987470770 | ||
| 080 | _a343.296 R 299 | ||
| 245 |
_aReparación Integral: _bun derecho de las Víctimas de trata de personas |
||
| 260 |
_aCiudad Autónoma de Buenos Aires _bDefensoríia General de la Nación _c2018 |
||
| 300 |
_a116 P. _c24 Z 17 Cm. |
||
| 650 |
_xdaños _xindemnizacion _xreparacion _xtrata de personas _xexplotacion sexual _xvictimas _xgenero _xperspectiva de genero _xresponsabilidad de estado _xderechos humanos |
||
| 945 |
_acd _d2019-05-17 |
||
| 942 | _6_ | ||